000 00459nam a2200181Ia 4500
001 15842
005 20260306170225.0
008 260306t2004||||xx |||||||||||||| ||und||
041 _aESP
082 _a620.11
_bM26
100 _aMartín Sanjosé, Jesús
_eAUT
245 0 _aIngeniería de materiales para industria y construcción
260 _c2004
300 _a494 páginas :
_c24 cm.
650 _aGEN
654 _aCII
942 _cLIB
_dJUS
_fJUS
_2ddc
_n
999 _c15842
_d15842